<?xml version="1.0" encoding="UTF-8"?><?xml-stylesheet type="text/xsl" href="static/style.xsl"?><OAI-PMH xmlns="http://www.openarchives.org/OAI/2.0/" xmlns:xsi="http://www.w3.org/2001/XMLSchema-instance" xsi:schemaLocation="http://www.openarchives.org/OAI/2.0/ http://www.openarchives.org/OAI/2.0/OAI-PMH.xsd"><responseDate>2026-04-17T03:55:30Z</responseDate><request verb="GetRecord" identifier="oai:www.recercat.cat:2099.1/15783" metadataPrefix="marc">https://recercat.cat/oai/request</request><GetRecord><record><header><identifier>oai:recercat.cat:2099.1/15783</identifier><datestamp>2025-07-22T23:20:04Z</datestamp><setSpec>com_2072_1033</setSpec><setSpec>col_2072_452951</setSpec></header><metadata><record xmlns="http://www.loc.gov/MARC21/slim" xmlns:dcterms="http://purl.org/dc/terms/" xmlns:xsi="http://www.w3.org/2001/XMLSchema-instance" xmlns:doc="http://www.lyncode.com/xoai" xsi:schemaLocation="http://www.loc.gov/MARC21/slim http://www.loc.gov/standards/marcxml/schema/MARC21slim.xsd">
   <leader>00925njm 22002777a 4500</leader>
   <datafield ind2=" " ind1=" " tag="042">
      <subfield code="a">dc</subfield>
   </datafield>
   <datafield ind2=" " ind1=" " tag="720">
      <subfield code="a">Rinaldi, Nicola</subfield>
      <subfield code="e">author</subfield>
   </datafield>
   <datafield ind2=" " ind1=" " tag="260">
      <subfield code="c">2012-06-12</subfield>
   </datafield>
   <datafield ind2=" " ind1=" " tag="520">
      <subfield code="a">El concurso de proyecto de una pasarela peatonal ciclable de la bahía de Ginebra (Suiza) fue anunciado por el departamento de construcción y de desarrollo de la ciudad con el fin de mejorar la circulación de ciclistas y peatones, ofreciendo una calidad de los recorridos existentes entre la orilla derecha e izquierda de la ciudad. Instalada en el corazón de la ciudad la pasarela permitirá a la movilidad dulce de alcanzar confortablemente las dos orillas y deberá constituir una nueva obra de arte de fuerte connotación publica y el nuevo emblema por Ginebra. Deberá además ofrecer a la población una red de movilidad eficiente y unos servicios urbanos contemporáneos de calidad, respectando la naturaleza del sitio y&#xd;
adecuadamente al espacio público por la movilidad dulce.&#xd;
El área lacustre con su vocación de cercanía privilegiada de los ciudadanos de Ginebras, de sitio turístico de primera importancia y de lugar de representación de la ciudad en Suiza y en el extranjero confiere al proyecto un papel importante donde el valor va mas allá de la simple necesidad de cruzar el rio. Debido a su centralidad publica, la pasarela deberá ofrecer una infraestructura de calidad a medida del valor urbano y arquitectónico del lugar.&#xd;
El concurso pide a los participantes de responder de forma simple y clara a cuatro objetivos principales:&#xd;
- Comprensión del área, calidad arquitectónica y urbanística del proyecto.&#xd;
- Calidad estructural y constructiva de la pasarela.&#xd;
- Integración de las exigencias de los peatones, ciclistas, residentes y de los servicios públicos.&#xd;
- Economía general del proyecto.</subfield>
   </datafield>
   <datafield tag="653" ind2=" " ind1=" ">
      <subfield code="a">Àrees temàtiques de la UPC::Enginyeria civil</subfield>
   </datafield>
   <datafield tag="653" ind2=" " ind1=" ">
      <subfield code="a">Àrees temàtiques de la UPC::Enginyeria civil::Enginyeria hidràulica, marítima i sanitària</subfield>
   </datafield>
   <datafield tag="653" ind2=" " ind1=" ">
      <subfield code="a">Footbridges -- Geneva</subfield>
   </datafield>
   <datafield tag="653" ind2=" " ind1=" ">
      <subfield code="a">footbridges / ciclable -- Geneva</subfield>
   </datafield>
   <datafield tag="653" ind2=" " ind1=" ">
      <subfield code="a">Pasarela peatonal</subfield>
   </datafield>
   <datafield tag="653" ind2=" " ind1=" ">
      <subfield code="a">Pasarela ciclable</subfield>
   </datafield>
   <datafield tag="653" ind2=" " ind1=" ">
      <subfield code="a">Passarel · la peatonal - Ginebra</subfield>
   </datafield>
   <datafield ind2="0" ind1="0" tag="245">
      <subfield code="a">Concurso de proyecto de una pasarela peatonal/ciclable de la bahía de Ginebra</subfield>
   </datafield>
</record></metadata></record></GetRecord></OAI-PMH>